Concretes with high ggbs contents for use in hard/firm secant piling (Record no. 105204)
[ view plain ]
| 000 -LEADER | |
|---|---|
| fixed length control field | 01177cam a2200253 4500 |
| 001 - CONTROL NUMBER | |
| control field | ##L132656 |
| 008 - FIXED-LENGTH DATA ELEMENTS--GENERAL INFORMATION | |
| fixed length control field | 060227n2005 000 0 eng u |
| 020 ## - INTERNATIONAL STANDARD BOOK NUMBER | |
| International Standard Book Number | 1860818943 |
| 035 ## - SYSTEM CONTROL NUMBER | |
| System control number | (Sirsi) u132656 |
| 041 0# - LANGUAGE CODE | |
| Language code of text/sound track or separate title | eng |
| 050 04 - LIBRARY OF CONGRESS CALL NUMBER | |
| Classification number | 693.5 $2 18 |
| 100 1# - MAIN ENTRY--PERSONAL NAME | |
| Personal name | Quillin, K. |
| 245 00 - TITLE STATEMENT | |
| Title | Concretes with high ggbs contents for use in hard/firm secant piling |
| 260 ## - PUBLICATION, DISTRIBUTION, ETC. | |
| Place of publication, distribution, etc. | Watford |
| Name of publisher, distributor, etc. | BRE |
| Date of publication, distribution, etc. | 2005 |
| 300 ## - PHYSICAL DESCRIPTION | |
| Extent | 6p. |
| Other physical details | ill |
| Dimensions | 30cm. |
| 490 #0 - SERIES STATEMENT | |
| Series statement | BRE Information Paper |
| Volume/sequential designation | IP 17/05 |
| 520 ## - SUMMARY, ETC. | |
| Summary, etc. | Concretes made using very high levels of ground granulated blastfurnace slag have a successful track record of use in constructing female secant piles, providing a concrete with the appropriate early-age properties for allowing piling operations to be carried out. The paper provides guidance on the appropriate mixes for concrete containing between 81 and 95% ground granulated blastfurnace slag when used in different chemical environments. |
| 590 ## - LOCAL NOTE (RLIN) | |
| Local note | IKA280206 |
| 690 ## - LOCAL SUBJECT ADDED ENTRY--TOPICAL TERM (OCLC, RLIN) | |
| Topical term or geographic name as entry element | BUILT ENVIRONMENT-BUILDING MATERIALS-CEMENTITIOUS, CONCRETE AND MINERAL BOUND MATERIALS-CONCRETE |
| 700 1# - ADDED ENTRY--PERSONAL NAME | |
| Personal name | Nixon, P. J. |
| 700 1# - ADDED ENTRY--PERSONAL NAME | |
| Personal name | Matthews, J. D. |
| 700 1# - ADDED ENTRY--PERSONAL NAME | |
| Personal name | Longworth, T. I. |
| 942 ## - ADDED ENTRY ELEMENTS (KOHA) | |
| Suppress in OPAC | 0 |
| Withdrawn status | Lost status | Source of classification or shelving scheme | Damaged status | Not for loan | Home library | Current library | Shelving location | Date acquired | Total Checkouts | Full call number | Barcode | Date last seen | Copy number | Price effective from | Koha item type |
|---|---|---|---|---|---|---|---|---|---|---|---|---|---|---|---|
| Dewey Decimal Classification | London | London | BRE publications | 27/02/2006 | ENQUIRY DESK | 30071938 | 06/08/2019 | 1 | 06/08/2019 | Book |